| 000 | 00348nam a22001097a 4500 | ||
|---|---|---|---|
| 082 | _a658 | ||
| 245 |
_aA study of the Effect of Extrinsic Reward on the Intrinsic Motivation of Employees at the Workplace _cIzza Aamer. |
||
| 260 | _bNBS - NUST, | ||
| 650 |
_aMBA Thesis. _917629 |
||
| 942 |
_2ddc _cTHE |
||
| 999 |
_c527951 _d527951 |
||